[Event "Olimpiada Dresden 2008 Femenina"]
[Site "Dresden GER"]
[Date "2008.11.15"]
[Round "3.12"]
[White "Coelho, Tatiane Cristina"]
[Black "Milliet, Sophie"]
[Result "0-1"]
[WhiteElo "1820"]
[BlackElo "2366"]
[PlyCount "60"]
[EventDate "2008.11.13"]
[EventType "team-tourn"]
[EventRounds "11"]
[EventCountry "GER"]
[Source "lmi"]
[SourceDate "2008.11.13"]
[WhiteTeam "Brasil"]
[BlackTeam "Francia"]
[WhiteTeamCountry "BRA"]
[BlackTeamCountry "FRA"]

1. e4 e5 2. Nf3 Nc6 3. Bb5 a6 4. Ba4 Nf6 5. d4 exd4 6. O-O Be7 7. e5 Ne4 8.
Nxd4 O-O 9. Nf5 d5 10. exd6 Bxf5 11. dxe7 Nxe7 12. Bb3 Qxd1 13. Rxd1 Rfd8 14.
Re1 Nc5 15. Nc3 Nxb3 16. cxb3 Nd5 17. Nxd5 Rxd5 18. Bf4 Rd7 19. Rad1 Rxd1 20.
Rxd1 c6 21. f3 Re8 22. Kf2 f6 23. b4 Kf7 24. a3 Be6 25. Bc7 Bd5 26. Re1 Rxe1
27. Kxe1 Ke6 28. Bb6 g5 29. Kf2 h5 30. Bd8 Ke5 0-1

[Event "Olimpiada Dresden 2008 Femenina"]
[Site "Dresden GER"]
[Date "2008.11.15"]
[Round "3.14"]
[White "Voiska, Margarita"]
[Black "Stolarczyk, Anna"]
[Result "1-0"]
[WhiteElo "2318"]
[BlackElo "2001"]
[PlyCount "89"]
[EventDate "2008.11.13"]
[EventType "team-tourn"]
[EventRounds "11"]
[EventCountry "GER"]
[Source "lmi"]
[SourceDate "2008.11.13"]
[WhiteTeam "Bulgaria"]
[BlackTeam "Polonia"]
[WhiteTeamCountry "BUL"]
[BlackTeamCountry "POL"]

1. e4 e6 2. d4 d5 3. Nd2 Be7 4. Ngf3 Nf6 5. e5 Nfd7 6. Bd3 c5 7. O-O Nc6 8. Re1
a5 9. c4 O-O 10. cxd5 exd5 11. Nf1 cxd4 12. Bb1 f6 13. e6 Nc5 14. Nh4 Bxe6 15.
Ng3 d3 16. Rxe6 Nxe6 17. Qxd3 g6 18. Nxg6 Nc5 19. Qf5 Rf7 20. Bh6 Qd7 21. Qh5
Ne5 22. Nxe5 fxe5 23. Bg6 Rf6 24. Bf5 Qe8 25. Qg4+ Rg6 26. Bxg6 Qxg6 27. Qh3
Bf6 28. Nf5 Kh8 29. Rc1 b6 30. Rc3 Rg8 31. Rg3 Qe8 32. Nd6 Rxg3 33. hxg3 Qe6
34. Qh5 Kg8 35. Ne8 Bd8 36. Ng7 Qg6 37. Qh3 Kf7 38. Nf5 Ne6 39. g4 Bf6 40. Qf3
e4 41. Qb3 d4 42. Nd6+ Ke7 43. Nf5+ Kf7 44. Nd6+ Ke7 45. Nf5+ 1-0

[Event "Olimpiada Dresden 2008 Femenina"]
[Site "Dresden GER"]
[Date "2008.11.15"]
[Round "3.14"]
[White "Fries, Elisabeth"]
[Black "Raeva, Elitsa"]
[Result "0-1"]
[WhiteElo "1738"]
[BlackElo "2251"]
[PlyCount "79"]
[EventDate "2008.11.13"]
[EventType "team-tourn"]
[EventRounds "11"]
[EventCountry "GER"]
[Source "lmi"]
[SourceDate "2008.11.13"]
[WhiteTeam "Alemania"]
[BlackTeam "Bulgaria"]
[WhiteTeamCountry "GER"]
[BlackTeamCountry "BUL"]

1. d4 Nf6 2. c4 e6 3. Nc3 Bb4 4. e3 O-O 5. Nge2 d5 6. a3 Bd6 7. c5 Be7 8. b4 b6
9. f4 c6 10. Ng3 a5 11. Rb1 axb4 12. axb4 Nbd7 13. Bd3 Ba6 14. O-O g6 15. Rf2
Bxd3 16. Qxd3 b5 17. h3 Qc7 18. Nf1 Ra7 19. g4 Ne8 20. Nd2 f5 21. Rg2 Ng7 22.
Nf3 Nf6 23. Nxb5 cxb5 24. Qxb5 Ne4 25. Qd3 Rb8 26. Rc2 Qc8 27. b5 fxg4 28. hxg4
e5 29. Nxe5 Bf6 30. Qd1 Bxe5 31. dxe5 Kh8 32. c6 Rc7 33. Ba3 Qe6 34. Kg2 h5 35.
Bd6 Nxd6 36. exd6 Qxd6 37. Qd4 hxg4 38. Rc5 Rxb5 39. Rbxb5 Rxc6 40. Rb7 0-1

[Event "Olimpiada Dresden 2008 Femenina"]
[Site "Dresden GER"]
[Date "2008.11.15"]
[Round "3.15"]
[White "Krivec, Jana"]
[Black "Thorsteinsdottir, Gudlaug"]
[Result "1-0"]
[WhiteElo "2345"]
[BlackElo "2156"]
[PlyCount "55"]
[EventDate "2008.11.13"]
[EventType "team-tourn"]
[EventRounds "11"]
[EventCountry "GER"]
[Source "lmi"]
[SourceDate "2008.11.13"]
[WhiteTeam "Eslovenia"]
[BlackTeam "Islandia"]
[WhiteTeamCountry "SLO"]
[BlackTeamCountry "ISL"]

1. e4 c5 2. Nf3 d6 3. d4 cxd4 4. Nxd4 Nf6 5. Nc3 a6 6. Be3 e5 7. Nb3 Be6 8. Qd2
Nbd7 9. O-O-O b5 10. f4 Qc7 11. Kb1 Rc8 12. Bd3 Nb6 13. Bxb6 Qxb6 14. Nd5 Nxd5
15. exd5 Bxd5 16. Bf5 Be6 17. Bxe6 fxe6 18. fxe5 d5 19. Qg5 Rc4 20. Rhf1 Qd8
21. Qh5+ g6 22. Qh3 Qb6 23. Rf6 Ke7 24. Qf3 Ke8 25. Rxd5 Qc6 26. Nd4 Rxd4 27.
Rxd4 Qxf3 28. gxf3 1-0

[Event "Olimpiada Dresden 2008 Femenina"]
[Site "Dresden GER"]
[Date "2008.11.15"]
[Round "3.15"]
[White "Rozic, Vesna"]
[Black "Kristinardottir, Elsa Maria"]
[Result "1-0"]
[WhiteElo "2293"]
[BlackElo "1776"]
[PlyCount "81"]
[EventDate "2008.11.13"]
[EventType "team-tourn"]
[EventRounds "11"]
[EventCountry "GER"]
[Source "lmi"]
[SourceDate "2008.11.13"]
[WhiteTeam "Eslovenia"]
[BlackTeam "Islandia"]
[WhiteTeamCountry "SLO"]
[BlackTeamCountry "ISL"]

1. d4 Nf6 2. c4 c5 3. d5 b5 4. cxb5 a6 5. b6 e6 6. Nc3 Nxd5 7. Nxd5 exd5 8.
Qxd5 Nc6 9. Nf3 Rb8 10. e4 Be7 11. Bc4 O-O 12. O-O Rxb6 13. Bd2 d6 14. Bc3 Be6
15. Qd3 Nb4 16. Qe2 d5 17. exd5 Nxd5 18. Ba5 Nf4 19. Qe4 Bxc4 20. Qxc4 Ne6 21.
Rad1 Qb8 22. Bxb6 Qxb6 23. b3 Bf6 24. Rfe1 Qa5 25. Re2 h6 26. Rd6 Ra8 27. g3
Qb5 28. Re4 Qb7 29. Qd5 Qxd5 30. Rxd5 Nd4 31. Kg2 Ne6 32. b4 cxb4 33. Rxb4 Rc8
34. Rb7 Rc2 35. Rd2 Rc3 36. Rb3 Rc4 37. Ra3 Nc5 38. Ra5 Ne4 39. Re2 Nc5 40.
Re8+ Kh7 41. Rc8 1-0

[Event "Olimpiada Dresden 2008 Femenina"]
[Site "Dresden GER"]
[Date "2008.11.15"]
[Round "3.16"]
[White "Perez, Eneida"]
[Black "Repkova, Eva"]
[Result "0-1"]
[WhiteElo "2097"]
[BlackElo "2400"]
[PlyCount "111"]
[EventDate "2008.11.13"]
[EventType "team-tourn"]
[EventRounds "11"]
[EventCountry "GER"]
[Source "lmi"]
[SourceDate "2008.11.13"]
[WhiteTeam "República Dominicana"]
[BlackTeam "Eslovaquia"]
[WhiteTeamCountry "DOM"]
[BlackTeamCountry "SVK"]

1. d4 g6 2. Nf3 Bg7 3. g3 Nf6 4. Bg2 O-O 5. c4 d6 6. O-O a6 7. Nc3 Nc6 8. h3
Bf5 9. d5 Na5 10. Nd2 c5 11. e4 Bd7 12. Qe2 Qc8 13. Kh2 b5 14. cxb5 axb5 15.
Nxb5 Qa6 16. Nc3 Qxe2 17. Nxe2 Rfb8 18. Nc3 Ne8 19. Rd1 Nc7 20. Bf1 Kf8 21. Kg2
Ke8 22. Rb1 Ra7 23. Re1 Na6 24. Bxa6 Rxa6 25. Re3 c4 26. Ne2 Rb4 27. Ra3 Ra4
28. Nf3 Nb7 29. Be3 f5 30. Rxa4 Bxa4 31. b3 cxb3 32. axb3 Bb5 33. Nf4 fxe4 34.
Ng5 Nd8 35. Nxh7 Bh6 36. Rc1 Bxf4 37. Bxf4 Be2 38. Ng5 Ra5 39. Nxe4 Ba6 40. Rc7
Rxd5 41. Bxd6 Rxd6 42. Nxd6+ exd6 43. f4 Ne6 44. Ra7 Bb5 45. Kf2 d5 46. Rb7 Bc6
47. Rb8+ Ke7 48. b4 d4 49. b5 Bd5 50. b6 Nc5 51. Rh8 Ne4+ 52. Ke2 Bc4+ 53. Kf3
Bd5 54. Ke2 Bc4+ 55. Kf3 Bd5 56. Ke2 0-1

[Event "Olimpiada Dresden 2008 Femenina"]
[Site "Dresden GER"]
[Date "2008.11.15"]
[Round "3.16"]
[White "Pokorna, Regina"]
[Black "De la Cruz, Mercedes"]
[Result "1-0"]
[WhiteElo "2376"]
[BlackElo "2045"]
[PlyCount "93"]
[EventDate "2008.11.13"]
[EventType "team-tourn"]
[EventRounds "11"]
[EventCountry "GER"]
[Source "lmi"]
[SourceDate "2008.11.13"]
[WhiteTeam "Eslovaquia"]
[BlackTeam "República Dominicana"]
[WhiteTeamCountry "SVK"]
[BlackTeamCountry "DOM"]

1. d4 e6 2. c4 Nf6 3. Nf3 d5 4. Nc3 Nbd7 5. cxd5 exd5 6. Bg5 Bb4 7. e3 c5 8.
Bd3 Qa5 9. Qc2 c4 10. Bf5 O-O 11. O-O g6 12. Bxd7 Nxd7 13. e4 Bxc3 14. bxc3 f6
15. Bh6 Re8 16. Rfe1 Nb6 17. e5 Bf5 18. Qd2 Nd7 19. Nh4 Bd3 20. exf6 Nxf6 21.
Qf4 Qb6 22. Nf3 Nh5 23. Qg5 Qd6 24. Ne5 Re6 25. g4 Nf6 26. Qf4 Qe7 27. f3 Re8
28. Re3 Bc2 29. Rae1 Qc7 30. Nxc4 Qxf4 31. Bxf4 Rxe3 32. Nxe3 Bd3 33. Kf2 Bc4
34. Be5 Nd7 35. Nxc4 dxc4 36. f4 Re6 37. d5 Re8 38. Bd4 Rxe1 39. Kxe1 Kf7 40.
Ke2 b5 41. Ke3 a5 42. a3 Ke7 43. Ke4 Kd6 44. h3 Ke7 45. h4 Kf7 46. f5 gxf5+ 47.
Kxf5 1-0

[Event "Olimpiada Dresden 2008 Femenina"]
[Site "Dresden GER"]
[Date "2008.11.15"]
[Round "3.16"]
[White "Jose Polanco, Kenia"]
[Black "Machalova, Maria"]
[Result "0-1"]
[WhiteElo "2028"]
[BlackElo "2187"]
[PlyCount "120"]
[EventDate "2008.11.13"]
[EventType "team-tourn"]
[EventRounds "11"]
[EventCountry "GER"]
[Source "lmi"]
[SourceDate "2008.11.13"]
[WhiteTeam "República Dominicana"]
[BlackTeam "Eslovaquia"]
[WhiteTeamCountry "DOM"]
[BlackTeamCountry "SVK"]

1. e4 c5 2. Nf3 e6 3. c3 d5 4. exd5 exd5 5. d4 Nc6 6. Bb5 Bd6 7. dxc5 Bxc5 8.
O-O Nge7 9. Nbd2 O-O 10. Nb3 Bb6 11. h3 Qd6 12. Re1 Nf5 13. Qc2 Bd7 14. Bd3 g6
15. Bd2 Rac8 16. Rad1 Qg3 17. Re2 Rfe8 18. Be1 Nh4 19. Nxh4 Qxh4 20. Rxe8+ Rxe8
21. Bf1 Bf5 22. Qd2 a5 23. Nd4 Nxd4 24. cxd4 Re4 25. g3 Qe7 26. Qc1 Bxd4 27.
Bxa5 Qe5 28. Qc7 Qxc7 29. Bxc7 Bxb2 30. Bg2 Re7 31. Bd6 Re2 32. Rxd5 Be6 33.
Rd1 b6 34. a3 Bc3 35. Bc7 Rb2 36. Bf4 Bf6 37. Be3 Be7 38. Ra1 b5 39. a4 b4 40.
a5 b3 41. a6 Ra2 42. Rxa2 bxa2 43. Bd4 Bc5 44. Bf6 g5 45. g4 h5 46. gxh5 Kh7
47. Bf3 Bxh3 48. Kh2 Be6 49. Kg3 Kh6 50. Be2 Bd6+ 51. Kg2 Be7 52. Bd4 Bd5+ 53.
Kg1 f5 54. Be5 Bf8 55. a7 Bg7 56. Bc4 Bxe5 57. Bxa2 Ba8 58. Be6 f4 59. Bg4 Bd4
60. Kf1 Bxa7 0-1

[Event "Olimpiada Dresden 2008 Femenina"]
[Site "Dresden GER"]
[Date "2008.11.15"]
[Round "3.16"]
[White "Gregorova, Zuzana"]
[Black "Munoz, Dorisbel"]
[Result "1-0"]
[WhiteElo "2163"]
[BlackElo "1917"]
[PlyCount "68"]
[EventDate "2008.11.13"]
[EventType "team-tourn"]
[EventRounds "11"]
[EventCountry "GER"]
[Source "lmi"]
[SourceDate "2008.11.13"]
[WhiteTeam "Eslovaquia"]
[BlackTeam "República Dominicana"]
[WhiteTeamCountry "SVK"]
[BlackTeamCountry "DOM"]

1. d4 Nf6 2. c4 g6 3. Nc3 Bg7 4. e4 d6 5. Nf3 O-O 6. Be2 e5 7. Be3 exd4 8. Nxd4
Re8 9. f3 Nc6 10. Qd2 Nh5 11. O-O-O Nxd4 12. Bxd4 Bxd4 13. Qxd4 Nf4 14. h4 Qe7
15. g3 Nxe2+ 16. Nxe2 Qe5 17. h5 Be6 18. Nf4 g5 19. Nxe6 Rxe6 20. Qe3 h6 21.
Rhg1 c6 22. Qd4 Qxd4 23. Rxd4 Rae8 24. Rgd1 g4 25. e5 gxf3 26. exd6 f2 27. d7
Rd8 28. Kd2 Re7 29. Rf1 Rdxd7 30. Rxd7 Rxd7+ 31. Ke3 Re7+ 32. Kxf2 Re5 33. Rh1
Kg7 34. Kf3 Kf6 1-0

[Event "Olimpiada Dresden 2008 Femenina"]
[Site "Dresden GER"]
[Date "2008.11.15"]
[Round "3.17"]
[White "Jennitha, Anto K"]
[Black "Voicu, Carmen"]
[Result "0-1"]
[WhiteElo "1998"]
[BlackElo "2239"]
[PlyCount "50"]
[EventDate "2008.11.13"]
[EventType "team-tourn"]
[EventRounds "11"]
[EventCountry "GER"]
[Source "lmi"]
[SourceDate "2008.11.13"]
[WhiteTeam "India"]
[BlackTeam "ROU"]
[WhiteTeamCountry "IND"]

1. d4 Nf6 2. c4 g6 3. Nc3 Bg7 4. e4 d6 5. f3 O-O 6. Be3 Nc6 7. Nge2 a6 8. Qd2
Rb8 9. Nc1 e5 10. d5 Nd4 11. N1e2 c5 12. dxc6 Nxc6 13. Rd1 Be6 14. Nc1 Qc8 15.
Nb3 b6 16. Be2 Rd8 17. Bg5 Nb4 18. Rc1 Qb7 19. a3 Nc6 20. Nd5 Bxd5 21. cxd5 Ne7
22. O-O Rdc8 23. Qb4 Rd8 24. Qd2 Rdc8 25. Qb4 Rd8 0-1

[Event "Olimpiada Dresden 2008 Femenina"]
[Site "Dresden GER"]
[Date "2008.11.15"]
[Round "3.17"]
[White "Gerasimova, Svetlana"]
[Black "Motoc, Alina"]
[Result "0-1"]
[WhiteElo "1905"]
[BlackElo "2313"]
[PlyCount "116"]
[EventDate "2008.11.13"]
[EventType "team-tourn"]
[EventRounds "11"]
[EventCountry "GER"]
[Source "lmi"]
[SourceDate "2008.11.13"]
[WhiteTeam "Rusia"]
[BlackTeam "ROU"]
[WhiteTeamCountry "RUS"]

1. e4 c6 2. d3 d5 3. Nd2 e5 4. Ngf3 Bd6 5. g3 Bg4 6. h3 Bh5 7. Bg2 Nd7 8. O-O
Ngf6 9. Qe2 O-O 10. Re1 Re8 11. Nf1 dxe4 12. dxe4 Nc5 13. N1d2 Bf8 14. Qf1 Nfd7
15. a4 Ne6 16. Nc4 Qc7 17. Bd2 f6 18. Ne3 Ndc5 19. Nf5 Rad8 20. Bc3 a5 21. b3
Bf7 22. Nd2 Nd4 23. Ne3 Nce6 24. Ndc4 Bb4 25. Bxb4 axb4 26. a5 Nb5 27. Red1
Ned4 28. f3 Nc3 29. Re1 Qe7 30. Qf2 Qc5 31. Bf1 Kh8 32. Nb6 Bh5 33. Bg2 Bg6 34.
Nbc4 Bf7 35. Nb6 Bg6 36. Nbc4 h6 37. h4 Bf7 38. Nb6 Be6 39. g4 Bf7 40. Bf1 h5
41. Bg2 Ne6 42. Nec4 Qxf2+ 43. Kxf2 Nd4 44. Rac1 hxg4 45. fxg4 Ne6 46. Bf3 Nc5
47. Kg1 Bg6 48. g5 Bxe4 49. Bxe4 N5xe4 50. g6 Nc5 51. Ne3 Ne6 52. h5 Kg8 53.
Nbc4 Nf4 54. Kf2 Nxh5 55. Rh1 Nf4 56. Rcg1 Ne4+ 57. Ke1 Ng5 58. Nf5 Nf3+ 0-1

[Event "Olimpiada Dresden 2008 Femenina"]
[Site "Dresden GER"]
[Date "2008.11.15"]
[Round "3.18"]
[White "Jackova, Jana"]
[Black "Sammalvuo, Niina"]
[Result "1-0"]
[WhiteElo "2360"]
[BlackElo "2248"]
[PlyCount "155"]
[EventDate "2008.11.13"]
[EventType "team-tourn"]
[EventRounds "11"]
[EventCountry "GER"]
[Source "lmi"]
[SourceDate "2008.11.13"]
[WhiteTeam "Chequia"]
[BlackTeam "Finlandia"]
[WhiteTeamCountry "CZE"]
[BlackTeamCountry "FIN"]

1. e4 e5 2. Nf3 Nc6 3. Bb5 a6 4. Ba4 Nf6 5. O-O Be7 6. Re1 b5 7. Bb3 d6 8. c3
O-O 9. h3 Bb7 10. d4 Re8 11. Ng5 Rf8 12. Nf3 Nd7 13. Nbd2 Bf6 14. Nf1 Re8 15.
Ng3 g6 16. Bc2 Nb6 17. dxe5 Nxe5 18. Nh2 Bg7 19. f4 Ned7 20. Nf3 Nc5 21. Rb1
Qd7 22. Kh2 Re7 23. Be3 Nxe4 24. Bxb6 Nxg3 25. Rxe7 Qxe7 26. Bxc7 Qxc7 27. Kxg3
Re8 28. Qd2 Bf6 29. Re1 Rxe1 30. Nxe1 Kg7 31. Nf3 a5 32. Bb3 Qc5 33. a3 h6 34.
Qe2 Bc6 35. Qf2 Be4 36. Qe2 d5 37. Qf2 Qc7 38. Nd2 g5 39. Nxe4 dxe4 40. Kg4
Qd7+ 41. f5 Qe8 42. Qe3 h5+ 43. Kg3 Qe5+ 44. Kf2 Qxf5+ 45. Ke2 b4 46. axb4 Qb5+
47. Ke1 axb4 48. Bc2 bxc3 49. bxc3 Qb2 50. Qxe4 Qxc3+ 51. Ke2 Qc5 52. Qh7+ Kf8
53. Qf5 Qb6 54. Qc8+ Kg7 55. Qf5 Qg1 56. Qf1 Qh2 57. Qf3 Qe5+ 58. Qe4 Qb2 59.
Qh7+ Kf8 60. Qd3 Bd4 61. Qe4 Qc1 62. Kd3 Bf6 63. Ke2 Bc3 64. Kd3 Qd2+ 65. Kc4
Bf6 66. Kb5 Bd4 67. Bb3 Kg7 68. Qf3 Bf6 69. Qd5 Qe2+ 70. Kb6 Qe7 71. Kb5 Bc3
72. Kc4 Qc7+ 73. Kd3 Bf6 74. Bc4 Qe7 75. Bb3 Qa7 76. Bc4 g4 77. hxg4 hxg4 78.
Ke4 1-0

[Event "Olimpiada Dresden 2008 Femenina"]
[Site "Dresden GER"]
[Date "2008.11.15"]
[Round "3.18"]
[White "Rautanen, Sari"]
[Black "Nemcova, Katerina"]
[Result "0-1"]
[WhiteElo "1981"]
[BlackElo "2369"]
[PlyCount "103"]
[EventDate "2008.11.13"]
[EventType "team-tourn"]
[EventRounds "11"]
[EventCountry "GER"]
[Source "lmi"]
[SourceDate "2008.11.13"]
[WhiteTeam "Finlandia"]
[BlackTeam "Chequia"]
[WhiteTeamCountry "FIN"]
[BlackTeamCountry "CZE"]

1. e4 c5 2. Nf3 d6 3. d4 cxd4 4. Nxd4 Nf6 5. Nc3 a6 6. Be3 e5 7. Nb3 Be6 8. f3
Be7 9. Qd2 Nbd7 10. O-O-O O-O 11. g4 b5 12. g5 b4 13. Ne2 Ne8 14. Ng3 a5 15.
Kb1 a4 16. Nc1 Ra5 17. Nf5 d5 18. Nxe7+ Qxe7 19. a3 Nc7 20. Qxb4 Qxb4 21. axb4
Raa8 22. c3 Rfb8 23. Rd2 a3 24. b3 f5 25. gxf6 Nxf6 26. Bg5 Kf7 27. Bxf6 gxf6
28. Be2 f5 29. Rhd1 fxe4 30. fxe4 d4 31. cxd4 exd4 32. Rxd4 Nb5 33. Bxb5 Rxb5
34. Ka2 Ra4 35. Nd3 Rg5 36. Nc5 Rg2+ 37. R4d2 Rxd2+ 38. Rxd2 Rxb4 39. Kxa3 Rb8
40. Rd6 Bg4 41. b4 h5 42. h4 Ke7 43. Rh6 Ra8+ 44. Kb2 Be2 45. e5 Kf7 46. Rf6+
Ke7 47. Rb6 Bf3 48. Rh6 Rg8 49. Rh7+ Ke8 50. Nd7 Kd8 51. Nf6 Rg2+ 52. Kc3 0-1

[Event "Olimpiada Dresden 2008 Femenina"]
[Site "Dresden GER"]
[Date "2008.11.15"]
[Round "3.18"]
[White "Kulovana, Eva"]
[Black "Puuska, Heini"]
[Result "1-0"]
[WhiteElo "2286"]
[BlackElo "2002"]
[PlyCount "104"]
[EventDate "2008.11.13"]
[EventType "team-tourn"]
[EventRounds "11"]
[EventCountry "GER"]
[Source "lmi"]
[SourceDate "2008.11.13"]
[WhiteTeam "Chequia"]
[BlackTeam "Finlandia"]
[WhiteTeamCountry "CZE"]
[BlackTeamCountry "FIN"]

1. e4 e5 2. Nf3 Nc6 3. Bb5 a6 4. Ba4 Nf6 5. O-O Be7 6. Re1 b5 7. Bb3 d6 8. c3
O-O 9. h3 Na5 10. Bc2 c5 11. d4 Qc7 12. Nbd2 cxd4 13. cxd4 Rd8 14. d5 Bd7 15.
Nf1 Rdc8 16. Bd3 Nb7 17. Be3 Nc5 18. Rc1 Qb8 19. Ng3 Nxd3 20. Qxd3 a5 21. Nd2
Qb7 22. f4 exf4 23. Bxf4 Rxc1 24. Rxc1 Rc8 25. Rxc8+ Qxc8 26. Nb3 a4 27. Nd4 g6
28. a3 Bd8 29. Bxd6 Qc1+ 30. Kh2 Qxb2 31. Nc6 Bb6 32. Ne2 Ne8 33. Be5 Qb3 34.
Qxb3 axb3 35. Nb8 b2 36. Nc3 Bc8 37. Nb1 f6 38. Bg3 Kf7 39. Nc6 Bc5 40. Be1 Nd6
41. Bc3 Nc4 42. Nb4 Bd6+ 43. Kg1 f5 44. Nd3 fxe4 45. Nxb2 Bc5+ 46. Kh1 Nxb2 47.
Bxb2 e3 48. Nc3 Bd4 49. Bc1 Bxc3 50. Bxe3 Bb7 51. d6 Ke6 52. Bf4 Bb2 1-0

[Event "Olimpiada Dresden 2008 Femenina"]
[Site "Dresden GER"]
[Date "2008.11.15"]
[Round "3.18"]
[White "Uusitupa, Erika"]
[Black "Pertlova, Sona"]
[Result "0-1"]
[WhiteElo "1702"]
[BlackElo "2239"]
[PlyCount "80"]
[EventDate "2008.11.13"]
[EventType "team-tourn"]
[EventRounds "11"]
[EventCountry "GER"]
[Source "lmi"]
[SourceDate "2008.11.13"]
[WhiteTeam "Finlandia"]
[BlackTeam "Chequia"]
[WhiteTeamCountry "FIN"]
[BlackTeamCountry "CZE"]

1. e4 c5 2. Nf3 d6 3. d4 cxd4 4. Nxd4 Nf6 5. Nc3 a6 6. Bg5 e6 7. f4 Qc7 8. Bxf6
gxf6 9. Qd2 Nc6 10. O-O-O Be7 11. Kb1 Nxd4 12. Qxd4 Bd7 13. Be2 O-O-O 14. Bh5
Rhf8 15. Rd3 Kb8 16. Rhd1 Bc6 17. Qe3 Qa5 18. Qh3 Rc8 19. a3 Rc7 20. Bf3 Rfc8
21. Qxh7 f5 22. exf5 Bf6 23. fxe6 fxe6 24. Qg6 Bxf3 25. Rxf3 Bxc3 26. Rxc3 Rxc3
27. bxc3 Qb6+ 28. Ka2 Rxc3 29. Qe8+ Ka7 30. Qa4 Qc5 31. Kb1 e5 32. fxe5 dxe5
33. Qb4 Qc7 34. Rd2 Rc6 35. Kc1 Rb6 36. Qe4 Qc5 37. Rd3 Qg1+ 38. Kd2 Qxh2 39.
Rd5 Qf4+ 40. Qxf4 exf4 0-1

[Event "Olimpiada Dresden 2008 Femenina"]
[Site "Dresden GER"]
[Date "2008.11.15"]
[Round "3.19"]
[White "Calzetta, Monica"]
[Black "Shabanaj, Eglantina"]
[Result "1-0"]
[WhiteElo "2328"]
[BlackElo "2093"]
[PlyCount "110"]
[EventDate "2008.11.13"]
[EventType "team-tourn"]
[EventRounds "11"]
[EventCountry "GER"]
[Source "lmi"]
[SourceDate "2008.11.13"]
[WhiteTeam "España"]
[BlackTeam "Albania"]
[WhiteTeamCountry "ESP"]
[BlackTeamCountry "ALB"]

1. d4 Nf6 2. c4 e6 3. Nf3 d5 4. Nc3 Bb4 5. Bg5 h6 6. Bxf6 Qxf6 7. Qb3 c5 8.
cxd5 exd5 9. a3 Bxc3+ 10. Qxc3 Nd7 11. e3 O-O 12. Be2 b6 13. O-O Bb7 14. Rfc1
c4 15. Nd2 b5 16. a4 a6 17. Bg4 Qe7 18. Qa5 Nf6 19. Bf5 g6 20. Bc2 b4 21. e4 b3
22. e5 bxc2 23. exf6 Qxf6 24. Nf3 Bc8 25. Rxc2 Bf5 26. Rc3 Qd8 27. Qxd8 Rfxd8
28. b3 cxb3 29. Rxb3 Rab8 30. Rc3 Rdc8 31. Rc5 Rb4 32. Rxc8+ Bxc8 33. a5 Bg4
34. Rc1 Bxf3 35. Rc8+ Kg7 36. gxf3 Rb5 37. Kg2 Rxa5 38. Ra8 Kf6 39. Kg3 Ra4 40.
Ra7 Ke6 41. h4 f6 42. Rb7 Kf5 43. Rb6 h5 44. Rd6 Rxd4 45. Rxa6 Rd1 46. Rd6 Ke5
47. Rd8 g5 48. hxg5 Rg1+ 49. Kh3 Rxg5 50. Re8+ Kf4 51. Re3 Rg3+ 52. Kh4 Rxf3
53. Re2 d4 54. Kxh5 d3 55. Ra2 Ke5 1-0

[Event "Olimpiada Dresden 2008 Femenina"]
[Site "Dresden GER"]
[Date "2008.11.15"]
[Round "3.19"]
[White "Pasko, Roela"]
[Black "Pares Vives, Natalia"]
[Result "1/2-1/2"]
[WhiteElo "1883"]
[BlackElo "2299"]
[PlyCount "95"]
[EventDate "2008.11.13"]
[EventType "team-tourn"]
[EventRounds "11"]
[EventCountry "GER"]
[Source "lmi"]
[SourceDate "2008.11.13"]
[WhiteTeam "Albania"]
[BlackTeam "España"]
[WhiteTeamCountry "ALB"]
[BlackTeamCountry "ESP"]

1. Nf3 Nf6 2. g3 b6 3. Bg2 Bb7 4. O-O e6 5. d3 d5 6. Re1 Be7 7. b3 O-O 8. Bb2
Nbd7 9. Nbd2 c5 10. c4 Qc7 11. e4 dxe4 12. dxe4 e5 13. Qc2 Bd6 14. Nb1 Nb8 15.
Nc3 Nc6 16. Rad1 Nd4 17. Nxd4 cxd4 18. Nb5 Qe7 19. Nxd6 Qxd6 20. Bxd4 Qc7 21.
Bc3 Rad8 22. f3 Nd7 23. Bh3 Nc5 24. Rxd8 Rxd8 25. Rd1 f6 26. b4 Na6 27. Rxd8+
Qxd8 28. Qa4 Bc8 29. Bf1 Qd7 30. Qxd7 Bxd7 31. Kf2 Kf7 32. Ke3 Nc7 33. f4 exf4+
34. gxf4 Be6 35. f5 Bd7 36. b5 g6 37. Bd3 Ne8 38. Bb4 Bc8 39. Kf4 Bb7 40. c5
Nc7 41. c6 Bc8 42. Bd6 Na8 43. Bc4+ Ke8 44. Bg8 gxf5 45. Bxh7 fxe4 46. Bxe4 Kd8
47. Bf5 Nc7 48. Bxc7+ 1/2-1/2

[Event "Olimpiada Dresden 2008 Femenina"]
[Site "Dresden GER"]
[Date "2008.11.15"]
[Round "3.19"]
[White "Vega Gutierrez, Sabrina"]
[Black "Shabanaj, Alda"]
[Result "1-0"]
[WhiteElo "2278"]
[BlackElo "1990"]
[PlyCount "91"]
[EventDate "2008.11.13"]
[EventType "team-tourn"]
[EventRounds "11"]
[EventCountry "GER"]
[Source "lmi"]
[SourceDate "2008.11.13"]
[WhiteTeam "España"]
[BlackTeam "Albania"]
[WhiteTeamCountry "ESP"]
[BlackTeamCountry "ALB"]

1. d4 Nf6 2. Nf3 e6 3. e3 d5 4. c4 Bb4+ 5. Bd2 Be7 6. Nc3 O-O 7. Qc2 b6 8. cxd5
exd5 9. Rc1 c5 10. dxc5 bxc5 11. Na4 Ne4 12. Bd3 Bb7 13. O-O Nd7 14. Rfd1 Bd6
15. Be1 Qf6 16. Bxe4 dxe4 17. Qd2 Bb8 18. Qxd7 Bc6 19. Qg4 Bxa4 20. b3 Bc6 21.
Bc3 Qh6 22. Ne5 Bb7 23. h4 Bc7 24. Nd7 f5 25. Qg5 Qxg5 26. hxg5 Rfd8 27. Nxc5
Bd5 28. Na6 Bb6 29. Bd4 Bxd4 30. Rxd4 Bb7 31. Rxd8+ Rxd8 32. Nc5 Bc8 33. Rc4 a6
34. Rd4 Rxd4 35. exd4 Kf7 36. Kf1 Ke7 37. Ke2 Kd6 38. Ke3 Kd5 39. g3 Kc6 40.
Na4 h6 41. gxh6 gxh6 42. d5+ Kd6 43. Kd4 f4 44. Kxe4 fxg3 45. fxg3 Bb7 46. Nc3
1-0

[Event "Olimpiada Dresden 2008 Femenina"]
[Site "Dresden GER"]
[Date "2008.11.15"]
[Round "3.19"]
[White "Driza, Arta"]
[Black "Delgado Crespo, Mairelys"]
[Result "0-1"]
[WhiteElo "1959"]
[BlackElo "2277"]
[PlyCount "77"]
[EventDate "2008.11.13"]
[EventType "team-tourn"]
[EventRounds "11"]
[EventCountry "GER"]
[Source "lmi"]
[SourceDate "2008.11.13"]
[WhiteTeam "Albania"]
[BlackTeam "España"]
[WhiteTeamCountry "ALB"]
[BlackTeamCountry "ESP"]

1. e4 e6 2. d4 d5 3. Nc3 Nf6 4. Bg5 Bb4 5. exd5 Qxd5 6. Bxf6 Bxc3+ 7. bxc3 gxf6
8. Qd2 Qa5 9. Ne2 Nd7 10. Nc1 b6 11. Nb3 Qd5 12. f3 Bb7 13. Bd3 Qg5 14. Qxg5
fxg5 15. h4 g4 16. fxg4 Bxg2 17. Rg1 Bc6 18. O-O-O Ke7 19. c4 Bb7 20. Rde1 c5
21. d5 Kd6 22. Rgf1 Ne5 23. Nd2 f5 24. Nf3 Nxd3+ 25. cxd3 exd5 26. Ng5 Rhe8 27.
gxf5 dxc4 28. dxc4 Ba6 29. Rd1+ Kc6 30. Rf4 Re3 31. Kc2 h6 32. Nf7 Rae8 33. f6
Kc7 34. Nd6 Re2+ 35. Kb1 Rg8 36. Rf3 Rgg2 37. Ra3 Rd2 38. Rxd2 Rxd2 39. Ne4 0-1